|
|
|
|
| LEADER |
00000nam0a2200000 4500 |
| 001 |
67390 |
| 005 |
20231031073528.0 |
| 010 |
|
|
|a 5279027987
|
| 035 |
|
|
|a (RuTPU)RU\TPU\book\71755
|
| 090 |
|
|
|a 67390
|
| 100 |
|
|
|a 20040915d2003 k y0rusy50 ca
|
| 101 |
0 |
|
|a rus
|
| 102 |
|
|
|a RU
|
| 105 |
|
|
|a y z 011zy
|
| 200 |
1 |
|
|a Экономико-статистический анализ заработной платы в России. 1991-2001 гг.
|f Г. Ю. Дубянская
|
| 210 |
|
|
|a Москва
|c Финансы и статистика
|d 2003
|
| 215 |
|
|
|a 256 с.
|
| 300 |
|
|
|a К 250-летию МГУ им. М. В. Ломоносова
|
| 320 |
|
|
|a Литература: с. 253-254
|
| 610 |
1 |
|
|a экономика
|
| 610 |
1 |
|
|a труд
|
| 610 |
1 |
|
|a заработная плата
|
| 610 |
1 |
|
|a экономико-статистический анализ
|
| 610 |
1 |
|
|a экономические реформы
|
| 610 |
1 |
|
|a оплата труда
|
| 610 |
1 |
|
|a бюджетная сфера
|
| 610 |
1 |
|
|a Россия
|
| 686 |
|
|
|a У9(2)245
|v LBC/SL-A
|2 rubbk
|
| 700 |
|
1 |
|a Дубянская
|b Г. Ю.
|g Галина Юрьевна
|
| 801 |
|
1 |
|a RU
|b 63413507
|c 20040915
|g PSBO
|
| 801 |
|
2 |
|a RU
|b 63413507
|c 20200623
|g PSBO
|
| 942 |
|
|
|c BK
|
| 959 |
|
|
|a 118/20040908
|d 1
|e 115,61
|f ЧЗГЛ:1
|